Sésame 1 : (Record no. 366502)
[ view plain ]
| 000 -LEADER | |
|---|---|
| fixed length control field | 00862nam a22002297a 4500 |
| 003 - CONTROL NUMBER IDENTIFIER | |
| control field | 0 |
| 005 - DATE AND TIME OF LATEST TRANSACTION | |
| control field | 20241011085850.0 |
| 008 - FIXED-LENGTH DATA ELEMENTS--GENERAL INFORMATION | |
| fixed length control field | 241011b xxu||||| |||| 00| 0 eng d |
| 020 ## - INTERNATIONAL STANDARD BOOK NUMBER | |
| International Standard Book Number | 9782017112761 |
| 050 ## - LIBRARY OF CONGRESS CALL NUMBER | |
| Classification number | PC 2119 |
| Item number | .D396 2021 |
| 100 ## - MAIN ENTRY--PERSONAL NAME | |
| Personal name | Denisot, Hugues, |
| Relator term | author. |
| 245 ## - TITLE STATEMENT | |
| Title | Sésame 1 : |
| Remainder of title | méthode de français A1.1 / |
| Statement of responsibility, etc | Hugues Denisot, Marianne Capouet. |
| 260 ## - PUBLICATION, DISTRIBUTION, ETC. (IMPRINT) | |
| Place of publication, distribution, etc | Vanves : |
| Name of publisher, distributor, etc | Hachette Livre, |
| Date of publication, distribution, etc | 2021. |
| 300 ## - PHYSICAL DESCRIPTION | |
| Extent | 79 p. : |
| Other physical details | col. ill. ; |
| Dimensions | 29 cm. |
| 500 ## - GENERAL NOTE | |
| General note | Preparation a L'examen du Delf Prim. |
| 650 ## - SUBJECT ADDED ENTRY--TOPICAL TERM | |
| Topical term or geographic name as entry element | Handbooks and manuals. |
| 650 ## - SUBJECT ADDED ENTRY--TOPICAL TERM | |
| Topical term or geographic name as entry element | French language Study and teaching Foreign speakers |
| Form subdivision | Handbooks, manuals, etc. |
| 650 ## - SUBJECT ADDED ENTRY--TOPICAL TERM | |
| Topical term or geographic name as entry element | French language Study and teaching Foreign speakers. |
| 650 ## - SUBJECT ADDED ENTRY--TOPICAL TERM | |
| Topical term or geographic name as entry element | Français (Langue) Étude et enseignement Allophones Guides, manuels, etc. |
| 700 ## - ADDED ENTRY--PERSONAL NAME | |
| Personal name | Capouet, Marianne, |
| Relator term | author. |
| 942 ## - ADDED ENTRY ELEMENTS (KOHA) | |
| Source of classification or shelving scheme | Library of Congress Classification |
| Koha item type | Books |
| Withdrawn status | Lost status | Source of classification or shelving scheme | Damaged status | Home library | Current library | Shelving location | Date acquired | Source of acquisition | Total Checkouts | Full call number | Barcode | Date last seen | Price effective from | Koha item type |
|---|---|---|---|---|---|---|---|---|---|---|---|---|---|---|
| Library of Congress Classification | Luxembourg Library | Luxembourg Library | Teachers Reference Section | 10/11/2024 | Library Fund | PC 2119 .D396 2021 | 21289 | 10/11/2024 | 10/11/2024 | Books |